00221nam a2200109Ia 4500008004100000041000800041082001400049100001200063245002200075260000900097365000500106240624s9999 xx 000 0 und d aeng a658.8 RIE aRIES AL aMARKETING WARFARE c1986 c